LEADER 00963nam0-22002891i-450- 001 990000094730403321 035 $a000009473 035 $aFED01000009473 035 $a(Aleph)000009473FED01 035 $a000009473 100 $a20011111d--------km-y0itay50------ba 101 0 $aita 105 $ay-------001yy 200 1 $a<>gebrauchlichen trommelwickelungen der gleichstrommaschinen mit nutenankern$eberechnung der wickelung, konstruktion undausfuhrung in beispielel$fvon Rudolf Krause. 210 $aMittweida$cPolytechnische buchhandlung$d1904 215 $a41 p., 9 tav.$cill.$d23 cm 610 0 $aBobine 676 $a621.310 42 700 1$aKrause,$bRudolf$02915 801 0$aIT$bUNINA$gRICA$2UNIMARC 901 $aBK 912 $a990000094730403321 952 $a13 AR 13 B 22$b5681$fFINBC 959 $aFINBC 996 $aGebrauchlichen trommelwickelungen der gleichstrommaschinen mit nutenankern$9109043 997 $aUNINA DB $aING01 LEADER 02593nam 2200529 450 001 9910317807703321 005 20240215221118.0 010 $a1-83881-390-X 010 $a1-78923-389-5 035 $a(CKB)4970000000100007 035 $a(NjHacI)994970000000100007 035 $a(oapen)https://directory.doabooks.org/handle/20.500.12854/40121 035 $a(EXLCZ)994970000000100007 100 $a20221021d2018 uy 0 101 0 $aeng 135 $aur||||||||||| 181 $ctxt$2rdacontent 182 $cc$2rdamedia 183 $acr$2rdacarrier 200 00$aAdditive manufacturing of high-performance metals and alloys $emodeling and optimization /$fedited by Igor Shishkovsky 210 $cIntechOpen$d2018 210 1$aLondon, England :$cIntechOpen,$d[2018] 210 4$dİ2018 215 $a1 online resource (154 pages) $cillustrations 311 $a1-78923-388-7 320 $aIncludes bibliographical references. 330 $aFreedoms in material choice based on combinatorial design, different directions of process optimization, and computational tools are a significant advantage of additive manufacturing technology. The combination of additive and information technologies enables rapid prototyping and rapid manufacturing models on the design stage, thereby significantly accelerating the design cycle in mechanical engineering. Modern and high-demand powder bed fusion and directed energy deposition methods allow obtaining functional complex shapes and functionally graded structures. Until now, the experimental parametric analysis remains as the main method during AM optimization. Therefore, an additional goal of this book is to introduce readers to new modeling and material's optimization approaches in the rapidly changing world of additive manufacturing of high-performance metals and alloys. 517 $aAdditive manufacturing of high-performance metals and alloys 606 $aManufacturing processes 606 $aThree-dimensional printing 606 $aAlloys 610 $aPhysical Sciences 610 $aEngineering and Technology 610 $aTechnology 610 $aMaterial Science 610 $aManufacturing Engineering 615 0$aManufacturing processes. 615 0$aThree-dimensional printing. 615 0$aAlloys. 676 $a670 702 $aShishkovskii?$b I. V$g(Igor? Vladimirovich), 801 0$bNjHacI 801 1$bNjHacl 906 $aBOOK 912 $a9910317807703321 996 $aAdditive manufacturing of high-performance metals and alloys$93402186 997 $aUNINA